<?xml version="1.0" encoding="UTF-8"?>
<record
    xmlns:xsi="http://www.w3.org/2001/XMLSchema-instance"
    xsi:schemaLocation="http://www.loc.gov/MARC21/slim http://www.loc.gov/standards/marcxml/schema/MARC21slim.xsd"
    xmlns="http://www.loc.gov/MARC21/slim">

  <leader>00642nam a22001937a 4500</leader>
  <datafield tag="999" ind1=" " ind2=" ">
    <subfield code="c">170992</subfield>
    <subfield code="d">170992</subfield>
  </datafield>
  <controlfield tag="005">20200101145412.0</controlfield>
  <datafield tag="010" ind1=" " ind2=" ">
    <subfield code="a">992511</subfield>
  </datafield>
  <datafield tag="020" ind1=" " ind2=" ">
    <subfield code="c">N.A.</subfield>
    <subfield code="a">-</subfield>
  </datafield>
  <datafield tag="035" ind1=" " ind2=" ">
    <subfield code="a">992511</subfield>
  </datafield>
  <datafield tag="037" ind1=" " ind2=" ">
    <subfield code="b">BPPD</subfield>
  </datafield>
  <datafield tag="082" ind1=" " ind2=" ">
    <subfield code="a">841</subfield>
  </datafield>
  <datafield tag="100" ind1=" " ind2=" ">
    <subfield code="a">&#x645;&#x62F; &#x64A;&#x631;: &#x6A9;&#x631; &#x634;&#x646; &#x645;&#x648; &#x6C1;&#x646;  </subfield>
  </datafield>
  <datafield tag="245" ind1=" " ind2=" ">
    <subfield code="a">&#x62A;&#x646;&#x627; &#x638;&#x631; </subfield>
    <subfield code="c">&#x645;&#x62F; &#x64A;&#x631;: &#x6A9;&#x631; &#x634;&#x646; &#x645;&#x648; &#x6C1;&#x646;  </subfield>
  </datafield>
  <datafield tag="246" ind1=" " ind2=" ">
    <subfield code="a">Tanazur (2nd Book) (Urdu)</subfield>
    <subfield code="b">by Krishn Mohan</subfield>
  </datafield>
  <datafield tag="260" ind1=" " ind2=" ">
    <subfield code="a">N.Delhi</subfield>
    <subfield code="c">1980 &#x621; </subfield>
    <subfield code="b">Mukti Verma                                                                 </subfield>
  </datafield>
  <datafield tag="270" ind1=" " ind2=" ">
    <subfield code="a">Tanazur publications,New Delhi</subfield>
    <subfield code="b">N.Delhi</subfield>
    <subfield code="k">-</subfield>
    <subfield code="e">110003</subfield>
  </datafield>
  <datafield tag="300" ind1=" " ind2=" ">
    <subfield code="a">496 &#x635;</subfield>
    <subfield code="c">22 cm(hb)</subfield>
  </datafield>
  <datafield tag="942" ind1=" " ind2=" ">
    <subfield code="2">ddc</subfield>
    <subfield code="c">UR</subfield>
    <subfield code="h">841</subfield>
    <subfield code="m">&#x62A; &#x646; &#x627; </subfield>
  </datafield>
</record>
